00465nam a2200193Ia 4500008004100000020001800041050001400059100001800073245001900091245002500110245003600135260001500171260001600186260000900202300001500211300002700226300001000253500000800263170918s9999 xx 000 0 und d a9780545346658 bB496 2012 aBerger, Gilda a20 questions : bwhy do feet smell? / cGilda Berger and Melvin Berger. aNew York : bScholastic, c2012 a48 pages : bcolored illustration ; c23cm. a830